000
00321 a2200145 4500
001
155446
040
_c
Escola São Tomás de Aquino
100
_a
BORGES, Rogério
240
1
0
_a
Hug Dug
_l
por
245
1
0
_a
Hug Dug
300
_a
2011
440
1
_a
Editora do Brasil
697
_a
*LITERATURA INFANTO
942
_c
BK
999
_c
155446
_d
155446